| 000 | 00953cab a2200229 4500 | ||
|---|---|---|---|
| 001 | WB2808-21 | ||
| 008 | 090401t1992 xxu||||| |||| 00| 0 eng d | ||
| 035 | _a(Sirsi) u39390 | ||
| 041 | _aeng | ||
| 245 | _aFire fighting code | ||
| 260 | _c1992 | ||
| 350 | _a0 | ||
| 490 |
_aArchitects` Journal _v195 (7) 19 February 1992, 6 |
||
| 490 |
_aConstruction News _v(6252) 20 February 1992, 5(2) |
||
| 520 | _aThe Loss Prevention Council has issued a "Code of Practice for the Construction of Buildings", insurers` rules for fire protection of industrial and commercial buildings. It`s aim is to reduce the insurance industry`s bill for loss of property thorough fire. All major insurers and underwriters are expected to adopt the LPC code. Discusses implications for developers. | ||
| 650 | _aCODE OF PRACTICE | ||
| 650 | _aFIRE PREVENTION | ||
| 650 | _aLOSS PREVENTION COUNCIL | ||
| 690 |
_aInsurance _96249 |
||
| 942 | _n0 | ||
| 948 | _c04/03/1997 | ||
| 999 |
_c25289 _d25289 |
||